| 000 | 02608nam a2200313Ia 4500 | ||
|---|---|---|---|
| 001 | dia_6562 | ||
| 003 | CHAP | ||
| 005 | 20251021150951.0 | ||
| 008 | 220601s9999 xx 000 0 und d | ||
| 020 | _a978-1-4200-6114-7 | ||
| 040 | _cCHAP | ||
| 082 | _a612.015756 B56 2009 | ||
| 245 | _aBioactive peptides / edición John Howl y Sarah Jones | ||
| 260 | _aEstados Unidos de América : CRC Press | ||
| 300 | _axv, 479 p. | ||
| 503 | _aI. 271627 (ej.1) \ I. 271628 (ej.2) | ||
| 504 | _aIncluye bibliografías | ||
| 505 | _aAngiotensins : from endocrine to intracrine functions / Mark C. Chappell -- CT, CGRP, amylin, and adrenomedullins / Debbie L. Hay and David R. Poyner -- Neuropeptide Y family peptides / Cla´udia Cavadas, Joana Rosmaninho Salgado, and Eric Grouzmann -- Pituitary adenylate cyclase-activating polypeptide / Eve M. Lutz ... [et al.] -- Opioid peptides / Jane V. Aldrich -- Cholecystokinins and gastrins / Jens F. Rehfeld -- The chemistry and biology of insulin-like peptide 3, a novel member of the insulin superfamily / Fazel Shabanpoor ... [et al.] -- Somatostatin analogues / Kjell O¨berg -- Tachykinins / Nigel M. Page, Parvathy Subramaniam, and Suzanne E. Newton -- Neurotensin / Paul R. Dobner and Robert E. Carraway --Twenty-five years of galanin research / Johan Runesson ... [et al.] -- Bioactive peptides in gut-brain signalling / Erik Na¨slund, Per Gryba¨ck, and Per M. Hellstro¨m -- Nonribosomal peptides / Alexandra A. Roberts, Leanne A. Pearson, and Brett A. Neilan -- Anuran host-defense peptides that complex with Ca2+ calmodulin and inhibit the synthesis of the cell signalling agent nitric oxide by neuronal nitric oxide synthase / Jason R. Doyle ... [et al.] -- Host-defense peptides from the secretion of the skin glands of frogs and toads : membrane-active peptides from the genera litoria, uperoleia, and crinia / John H. Bowie ... [et al.] -- Antimicrobial peptides / Alison M. McDermott -- Mast cell degranulating peptides / Joseph A. Price -- Mastoparans / Sarah Jones and John Howl -- Spider venom and hemolymph-derived cytolytic and antimicrobial peptides / Lucia Kuhn-Nentwig, Christian Trachsel, and Wolfgang Nentwig. | ||
| 590 | _aQP552.P4 B56 2009 | ||
| 650 | _a1. Péptidos - Efecto fisiológico | ||
| 650 | _aPéptidos - Fisiología | ||
| 650 | _aPeptides - Physiological effect | ||
| 650 | _aPeptides - Physiology | ||
| 700 |
_aHowl, John, ed. \ Jones, Sarah, ed.Ì _9176399 |
||
| 901 | _a612.015756 B56 2009 | ||
| 902 | _aA | ||
| 905 | _a5232272009 -usafmn8222223322eng16 | ||
| 942 |
_cLIBRO _2ddc |
||
| 999 |
_c209668 _d209668 |
||